Word Chain starting with "ARMY" and ending in "NAVY" - Statistics

General Stats
  • This quiz has been taken 119 times
  • The average score is 15 of 17
Answer Stats
Hint Answer % Correct
Part of the body attatched to shoulder Arm
100%
Ground Branch of Military Army
98%
Aquatic Branch of Military Navy
98%
Object thrown at a circular board Dart
94%
Slang for college bedroom Dorm
94%
Between Hot and Cold Warm
94%
Before the Present Past
90%
A Piece of Something Part
86%
Earth, Tape, Tube Worm
85%
----mund is a city in Western Germany Dort
84%
Sound, Tidal, Micro Wave
83%
Popular Haistyle Wavy
81%
Famous Soccer Player Pele
80%
Unwanted Creature Pest
79%
Lacking Color Pale
78%
To Make a Way Pave
76%
To throw or hurl Pelt
63%
No matching quizzes found
Score Distribution
Percent of People with Each Score
Percentile by Number Answered
Your Score History
You have not taken this quiz